[Event "13th Foxwoods Open"]
[Site "Mashantucket, CT"]
[Date "2019.04.18"]
[Round "3"]
[White "Arvind, C.J."]
[Black "Wofford, Matthew"]
[Result "1-0"]
[WhiteElo "2211"]
[BlackElo "1996"]
[PlyCount "81"]
[EventDate "2019.04.??"]
[EventType "swiss"]
[EventRounds "9"]
[EventCountry "USA"]

1. d4 Nf6 2. c4 g6 3. Nc3 Bg7 4. e4 d6 5. Nf3 O-O 6. Be2 e5 7. d5 a5 8. Bg5 h6
9. Be3 Ng4 10. Bd2 f5 11. h3 Nf6 12. exf5 gxf5 13. Qc1 Kh7 14. g4 Na6 15. g5
hxg5 16. Nxg5+ Kh8 17. Rg1 Nc5 18. Qc2 c6 19. O-O-O cxd5 20. cxd5 Bd7 21. Rg2
Rc8 22. Rdg1 b5 23. Ne6 Bxe6 24. dxe6 Nxe6 25. Qxf5 Nd4 26. Qd3 Rf7 27. Kb1 b4
28. Ne4 Nxe4 29. Qxe4 Nxe2 30. Qxe2 Qh4 31. Rg5 Qh7+ 32. Ka1 Qc2 33. Qh5+ Kg8
34. Qh6 Rcc7 35. Rh5 Kf8 36. Qxd6+ Ke8 37. Rh8+ Rf8 38. Rxf8+ Bxf8 39. Qxe5+
Re7 40. Qb5+ Kd8 41. Bg5 1-0

[Event "13th Foxwoods Open"]
[Site "Mashantucket, CT"]
[Date "2019.04.18"]
[Round "3"]
[White "Tyrell Harriott"]
[Black "Cezila Jr, Rubens"]
[Result "0-1"]
[WhiteElo "2033"]
[BlackElo "2116"]
[PlyCount "160"]
[EventDate "2019.04.??"]
[EventType "swiss"]
[EventRounds "9"]
[EventCountry "USA"]

1. d4 Nf6 2. e3 d5 3. Bd3 c5 4. c3 Nc6 5. f4 Bg4 6. Ne2 e6 7. Nd2 Qb6 8. O-O
Bd6 9. Kh1 O-O 10. dxc5 Qxc5 11. e4 dxe4 12. Nxe4 Nxe4 13. Bxe4 Rad8 14. Qe1
Qh5 15. Ng3 Qh4 16. Be3 Bb8 17. Kg1 Qf6 18. h3 Bf5 19. Nxf5 exf5 20. Bf3 Rfe8
21. Qf2 b6 22. Rad1 Qe6 23. Bxc6 Qxc6 24. Rxd8 Rxd8 25. Bd4 Re8 26. Qg3 f6 27.
Rf2 Re1+ 28. Kh2 Re4 29. h4 Qd6 30. Be3 Qe6 31. Bd4 Qd6 32. Be3 Qe6 33. Bd4 Kf7
34. Qf3 Bxf4+ 35. g3 Bc7 36. Qh5+ Kg8 37. Qxf5 Rxh4+ 38. Kg2 Qxf5 39. Rxf5 Rg4
40. Bf2 Kf7 41. Kf3 Ra4 42. a3 g6 43. Rb5 Ke6 44. Bd4 a6 45. Rb4 Rxb4 46. axb4
b5 47. g4 h6 48. Be3 h5 49. gxh5 gxh5 50. b3 Kd5 51. Bf2 Be5 52. Be1 f5 53. Ke3
h4 54. Bxh4 Bxc3 55. Be7 f4+ 56. Kd3 Bd4 57. Bf8 f3 58. Be7 f2 59. Ke2 Ke4 60.
Bc5 Be3 61. Be7 f1=Q+ 62. Kxf1 Kd3 63. Ke1 Kc2 64. Ke2 Bd2 65. Bc5 Bc3 66. Be7
Kxb3 67. Kd1 Bxb4 68. Bf6 Bc3 69. Be7 a5 70. Kc1 a4 71. Kb1 a3 72. Bxa3 Kxa3
73. Kc2 b4 74. Kb1 b3 75. Kc1 Ka2 76. Kd1 b2 77. Kc2 b1=Q+ 78. Kxc3 Qe4 79. Kd2
Kb3 80. Kd1 Kc3 0-1

[Event "13th Foxwoods Open"]
[Site "Mashantucket, CT"]
[Date "2019.04.19"]
[Round "4.1"]
[White "Vazquez, Guillermo"]
[Black "Shimanov, Aleksandr"]
[Result "1/2-1/2"]
[WhiteElo "2489"]
[BlackElo "2610"]
[PlyCount "60"]
[EventDate "2019.04.??"]
[EventType "swiss"]
[EventRounds "9"]
[EventCountry "USA"]

1. e4 e5 2. Nf3 Nc6 3. Bb5 Nf6 4. O-O Nxe4 5. Re1 Nd6 6. Nxe5 Be7 7. Bf1 Nf5 8.
Nf3 O-O 9. d4 d5 10. Nc3 Re8 11. g3 Be6 12. Ne2 Bf6 13. c3 g5 14. h3 Nd6 15. g4
h6 16. Ng3 Bg7 17. Bd3 Bd7 18. Bd2 Rxe1+ 19. Nxe1 f5 20. gxf5 Ne7 21. Qf3 Qf8
22. Ng2 Ndxf5 23. Nxf5 Bxf5 24. Re1 Bxd3 25. Qxd3 Qf7 26. f4 gxf4 27. Nxf4 Nf5
28. Kh2 Nd6 29. Qf3 Ne4 30. Bc1 c6 1/2-1/2

[Event "13th Foxwoods Open"]
[Site "Mashantucket, CT"]
[Date "2019.04.19"]
[Round "4.2"]
[White "Durarbayli, Vasif"]
[Black "Ruiz Castillo, Joshua Daniel"]
[Result "1-0"]
[WhiteElo "2628"]
[BlackElo "2460"]
[PlyCount "36"]
[EventDate "2019.04.??"]
[EventType "swiss"]
[EventRounds "9"]
[EventCountry "USA"]

1. e4 c5 2. Nf3 d6 3. d4 cxd4 4. Nxd4 Nf6 5. Nc3 a6 6. Bg5 e6 7. f4 Nbd7 8. Qe2
Qc7 9. g4 b5 10. a3 Bb7 11. Bxf6 Nxf6 12. g5 Nd7 13. O-O-O e5 14. Nd5 Qc4 15.
Qe1 Qa4 16. fxe5 Bxd5 17. exd5 Nxe5 18. Nc6 Be7 1-0

[Event "13th Foxwoods Open"]
[Site "Mashantucket, CT"]
[Date "2019.04.19"]
[Round "4.3"]
[White "Dragun, Kamil"]
[Black "Brodsky, David"]
[Result "1/2-1/2"]
[WhiteElo "2585"]
[BlackElo "2417"]
[PlyCount "86"]
[EventDate "2019.04.??"]
[EventType "swiss"]
[EventRounds "9"]
[EventCountry "USA"]

1. e4 e5 2. Nf3 Nc6 3. Bb5 a6 4. Ba4 Nf6 5. O-O Nxe4 6. d4 b5 7. Bb3 d5 8. dxe5
Be6 9. c3 Be7 10. Nbd2 O-O 11. Nd4 Nxd4 12. cxd4 Nxd2 13. Bxd2 c5 14. dxc5 Bxc5
15. Qf3 f6 16. Qg3 Bd4 17. Bc3 Bxc3 18. Qxc3 Rc8 19. Qd4 fxe5 20. Qxe5 Qf6 21.
Qxf6 Rxf6 22. Rac1 Rff8 23. Rcd1 Bf7 24. Rfe1 Rfd8 25. Rd4 a5 26. a3 Kf8 27.
Kf1 Rd6 28. f3 a4 29. Ba2 Rc2 30. Re2 Rc1+ 31. Re1 Rc2 32. Rb4 d4 33. Bxf7 Kxf7
34. Rxb5 h6 35. h4 d3 36. Rf5+ Kg6 37. Rf4 Rb6 38. Rxa4 Rbxb2 39. Rg4+ Kf7 40.
h5 Rb5 41. Rh4 Rbb2 42. Rg4 Rb5 43. Rh4 Rbb2 1/2-1/2

[Event "13th Foxwoods Open"]
[Site "Mashantucket, CT"]
[Date "2019.04.19"]
[Round "4"]
[White "Belous, Vladimir"]
[Black "Mulyar, Michael"]
[Result "1/2-1/2"]
[WhiteElo "2520"]
[BlackElo "2385"]
[PlyCount "81"]
[EventDate "2019.04.??"]
[EventType "swiss"]
[EventRounds "9"]
[EventCountry "USA"]

1. c4 c6 2. d4 d5 3. e3 Nf6 4. Bd3 Bg4 5. Ne2 e6 6. Nbc3 Bh5 7. cxd5 exd5 8.
Qb3 Qb6 9. Qc2 Bg6 10. f3 Bxd3 11. Qxd3 Be7 12. e4 Na6 13. e5 Nd7 14. f4 Nb4
15. Qd1 Qa6 16. O-O Qd3 17. Bd2 Qc2 18. Qxc2 Nxc2 19. Rac1 Nb4 20. f5 Nb6 21.
a3 Nc4 22. Rcd1 Nc2 23. Bc1 N2e3 24. Nf4 Nxd1 25. Rxd1 Bg5 26. g3 Bxf4 27. gxf4
f6 28. Ne2 O-O 29. Ng3 g6 30. b3 Nb6 31. a4 fxe5 32. fxe5 gxf5 33. Ba3 Rf7 34.
Nh5 f4 35. Kf2 Re8 36. Rg1+ Kh8 37. Nf6 Rd8 38. Nh5 Re8 39. Nf6 Rd8 40. Nh5 Re8
41. Nf6 1/2-1/2

[Event "13th Foxwoods Open"]
[Site "Mashantucket, CT"]
[Date "2019.04.19"]
[Round "4"]
[White "Wang, Kevin"]
[Black "Macieja, Bartlomiej"]
[Result "1-0"]
[WhiteElo "2416"]
[BlackElo "2514"]
[PlyCount "36"]
[EventDate "2019.04.??"]
[EventType "swiss"]
[EventRounds "9"]
[EventCountry "USA"]

1. e4 c5 2. c3 Nf6 3. e5 Nd5 4. Nf3 Nc6 5. Bc4 Nb6 6. Bb3 c4 7. Bc2 Qc7 8. Qe2
g5 9. Na3 g4 10. Nb5 Qb8 11. Nh4 Nxe5 12. O-O d6 13. b3 a6 14. Nd4 Qc7 15. f4
gxf3 16. Nhxf3 Bg4 17. bxc4 Nxf3+ 18. Nxf3 Nxc4 1-0

[Event "13th Foxwoods Open"]
[Site "Mashantucket, CT"]
[Date "2019.04.19"]
[Round "4"]
[White "Vigorito, David"]
[Black "Niemann, Hans"]
[Result "1-0"]
[WhiteElo "2330"]
[BlackElo "2477"]
[PlyCount "99"]
[EventDate "2019.04.??"]
[EventType "swiss"]
[EventRounds "9"]
[EventCountry "USA"]

1. c4 c6 2. Nc3 d5 3. e3 Nf6 4. Nf3 a6 5. d4 Bf5 6. Qb3 b5 7. c5 a5 8. Nh4 Bg4
9. h3 Bh5 10. g4 a4 11. Qc2 Bg6 12. Nxg6 hxg6 13. g5 Nfd7 14. f4 Na6 15. Bg2 e5
16. a3 Be7 17. fxe5 Bxg5 18. O-O Nc7 19. e4 Bxc1 20. Raxc1 Nf8 21. exd5 cxd5
22. Qf2 Qd7 23. c6 Qe6 24. Nxd5 Nxd5 25. c7 Rc8 26. Rc6 Qd7 27. Rd6 Qf5 28.
Rxd5 Qxf2+ 29. Rxf2 Ne6 30. Rxb5 Nxd4 31. Rb4 Ne6 32. Rxa4 Rh5 33. Rc2 Rxc7 34.
Rxc7 Nxc7 35. Re4 Kd7 36. b4 Ke6 37. Rc4 Ne8 38. Bc6 Ke7 39. Bxe8 Kxe8 40. a4
Rxh3 41. b5 Rb3 42. Rc5 Kd7 43. a5 g5 44. b6 Kd8 45. Rc7 Rb5 46. Rxf7 Rxa5 47.
b7 Rb5 48. e6 Ke8 49. Rxg7 Kf8 50. Rc7 1-0

[Event "13th Foxwoods Open"]
[Site "Mashantucket, CT"]
[Date "2019.04.19"]
[Round "4"]
[White "Finegold, Benjamin"]
[Black "Kumar, Nikhil"]
[Result "1-0"]
[WhiteElo "2487"]
[BlackElo "2273"]
[PlyCount "89"]
[EventDate "2019.04.??"]
[EventType "swiss"]
[EventRounds "9"]
[EventCountry "USA"]

1. b3 d5 2. Bb2 Nf6 3. g3 e6 4. Bg2 Be7 5. Nf3 O-O 6. c4 c5 7. cxd5 Nxd5 8. Nc3
Nc6 9. O-O b6 10. Nxd5 exd5 11. d4 Be6 12. Rc1 Rc8 13. Qd2 cxd4 14. Nxd4 Nxd4
15. Bxd4 Qd7 16. Bb2 Rfd8 17. Rfd1 f6 18. Qf4 Bd6 19. Qd2 Be7 20. e3 a5 21. Bd4
Bb4 22. Qe2 Qd6 23. h4 Bc5 24. Qb5 Bd7 25. Bxc5 Rxc5 26. Rxc5 Bxb5 27. Rcxd5
Qxd5 28. Rxd5 Rxd5 29. Bxd5+ Kf8 30. e4 Ke7 31. f4 Kd6 32. Kf2 Kc5 33. Ke3 h6
34. Bf7 Bc6 35. e5 b5 36. a3 fxe5 37. fxe5 g5 38. hxg5 hxg5 39. b4+ axb4 40.
axb4+ Kxb4 41. Kd4 Ka3 42. Kc5 Bd7 43. Kd6 Bf5 44. e6 Bxe6 45. Kxe6 1-0

[Event "13th Foxwoods Open"]
[Site "Mashantucket, CT"]
[Date "2019.04.19"]
[Round "4"]
[White "Katz, Alexander"]
[Black "Mishra, Abhimanyu"]
[Result "1/2-1/2"]
[WhiteElo "2444"]
[BlackElo "2251"]
[PlyCount "77"]
[EventDate "2019.04.??"]
[EventType "swiss"]
[EventRounds "9"]
[EventCountry "USA"]

1. e4 c5 2. Nf3 e6 3. c3 Nf6 4. e5 Nd5 5. d4 cxd4 6. cxd4 d6 7. Bc4 Nc6 8. O-O
Be7 9. Qe2 O-O 10. Qe4 Bd7 11. Bb3 Rc8 12. Nc3 Nxc3 13. bxc3 d5 14. Qg4 f5 15.
exf6 Bxf6 16. Ng5 Bxg5 17. Bxg5 Qe8 18. h4 Qf7 19. Qg3 Ne7 20. Bxe7 Qxe7 21.
Rfe1 Qf6 22. Rac1 b5 23. Re3 Qf4 24. Rce1 Qxg3 25. Rxg3 a5 26. a3 Rc7 27. Ree3
b4 28. axb4 axb4 29. cxb4 Rb7 30. Bd1 Rxb4 31. Bg4 Rxd4 32. Bxe6+ Bxe6 33. Rxe6
Rxh4 34. Re7 g6 35. Rd7 Rhf4 36. f3 d4 37. Rg5 R8f5 38. Rxf5 Rxf5 39. Rxd4
1/2-1/2

[Event "13th Foxwoods Open"]
[Site "Mashantucket, CT"]
[Date "2019.04.19"]
[Round "4"]
[White "Sedlar, William"]
[Black "Sarkar, Justin"]
[Result "0-1"]
[WhiteElo "2217"]
[BlackElo "2337"]
[PlyCount "118"]
[EventDate "2019.04.??"]
[EventType "swiss"]
[EventRounds "9"]
[EventCountry "USA"]

1. e4 e5 2. Nf3 Nc6 3. d4 exd4 4. Bc4 Nf6 5. e5 Ng4 6. O-O d6 7. exd6 Bxd6 8.
Re1+ Kf8 9. Nbd2 Nge5 10. Nxe5 Nxe5 11. h3 Nxc4 12. Nxc4 Be7 13. Qf3 Bf6 14.
Bd2 h5 15. Rad1 g6 16. c3 Kg7 17. cxd4 Be6 18. Ne3 c6 19. Bc3 Bxa2 20. d5 Bxc3
21. bxc3 Bxd5 22. Nxd5 cxd5 23. Rxd5 Re8 24. Rb1 Qc7 25. Rbd1 Rac8 26. R5d3 b6
27. g3 Red8 28. Rxd8 Rxd8 29. Rd4 Rxd4 30. cxd4 a5 31. Qd1 Kf8 32. d5 Ke7 33.
Qe2+ Kd6 34. Qf3 Qc1+ 35. Kh2 f5 36. Qe2 Kxd5 37. Qe8 Qc6 38. Qg8+ Kc5 39. Qb3
a4 40. Qc2+ Kb5 41. Qe2+ Ka5 42. Qd2+ Ka6 43. Qb4 Qc2 44. Kg1 Qe4 45. Qb2 f4
46. gxf4 Qxf4 47. Qc3 Qg5+ 48. Kh1 Qd5+ 49. Kg1 b5 50. Qf6+ Ka5 51. Qc3+ b4 52.
Qc7+ Kb5 53. Qb8+ Kc4 54. Qf4+ Kb3 55. Qe3+ Kc2 56. Qe2+ Qd2 57. Qe4+ Kb2 58.
Qe5+ Ka2 59. Qd5+ Qxd5 0-1

[Event "13th Foxwoods Open"]
[Site "Mashantucket, CT"]
[Date "2019.04.19"]
[Round "4"]
[White "Poliannikov, Danila"]
[Black "Chasin, Nico"]
[Result "0-1"]
[WhiteElo "1930"]
[BlackElo "2208"]
[PlyCount "72"]
[EventDate "2019.04.??"]
[EventType "swiss"]
[EventRounds "9"]
[EventCountry "USA"]

1. e4 c5 2. Nf3 e6 3. d4 cxd4 4. Nxd4 Nc6 5. Nb5 d6 6. c4 a6 7. N5c3 Nf6 8. Be2
Be7 9. O-O O-O 10. Be3 Rb8 11. Nd2 Nd7 12. Rc1 b6 13. f3 Bf6 14. Nb3 Qe7 15.
Qe1 Nc5 16. Qf2 Nb4 17. Nxc5 bxc5 18. f4 Rd8 19. e5 dxe5 20. Bxc5 Qc7 21. Ne4
exf4 22. Rcd1 Be5 23. Rxd8+ Qxd8 24. Rd1 Qc7 25. a3 Nc2 26. Bh5 Rxb2 27. Qh4 f6
28. Bf7+ Kh8 29. Qh5 Ne3 30. Bxe3 fxe3 31. Bg6 h6 32. Ng5 e2 33. Re1 Qc5+ 34.
Kh1 Qf2 35. Nf7+ Kg8 36. Nxh6+ Kf8 0-1

[Event "13th Foxwoods Open"]
[Site "Mashantucket, CT"]
[Date "2019.04.19"]
[Round "4"]
[White "Thomforde-Toates, Noah"]
[Black "Narayanan, Samrug"]
[Result "1-0"]
[WhiteElo "1916"]
[BlackElo "2172"]
[PlyCount "141"]
[EventDate "2019.04.??"]
[EventType "swiss"]
[EventRounds "9"]
[EventCountry "USA"]

1. c4 e6 2. Nf3 d5 3. d4 Nf6 4. Nc3 Be7 5. g3 dxc4 6. Bg2 O-O 7. O-O Nbd7 8. e3
Rb8 9. Nd2 b5 10. a4 a6 11. Bc6 Nd5 12. Nxd5 exd5 13. axb5 axb5 14. Bxd5 Nf6
15. Bg2 Bb7 16. Bxb7 Rxb7 17. Qc2 Qd7 18. Rd1 Nd5 19. Nf3 Nb4 20. Qe4 Qd5 21.
Qxd5 Nxd5 22. Bd2 f5 23. Rdc1 g5 24. b3 cxb3 25. Rcb1 g4 26. Ne5 c5 27. Rxb3
Bd6 28. Nc4 Be7 29. Na5 Rb6 30. dxc5 Bxc5 31. Rc1 Be7 32. Rd3 Nf6 33. Rc7 Rd8
34. Rxd8+ Bxd8 35. Rc8 Rd6 36. Bc3 Kf7 37. Nc6 Be7 38. Bd4 Ke6 39. Nxe7 Kxe7
40. Rc5 Ne4 41. Rxf5 b4 42. Re5+ Re6 43. Rb5 Rc6 44. Rxb4 Ng5 45. Rb1 Rc2 46.
Kg2 Ne4 47. Rb2 Rxb2 48. Bxb2 h5 49. f3 Nd2 50. fxg4 hxg4 51. h3 Ne4 52. hxg4
Ng5 53. Be5 Ke6 54. Bf4 Ne4 55. g5 Kf5 56. Kf3 Nd2+ 57. Ke2 Ne4 58. Kd3 Nc5+
59. Kd4 Nb3+ 60. Kc4 Nd2+ 61. Kd5 Nb1 62. e4+ Kg6 63. Ke6 Nc3 64. e5 Ne4 65.
Ke7 Nc5 66. Kd6 Ne4+ 67. Ke6 Nc5+ 68. Kd5 Na4 69. e6 Kg7 70. Be5+ Kf8 71. Bd4
1-0

[Event "13th Foxwoods Open"]
[Site "Mashantucket, CT"]
[Date "2019.04.19"]
[Round "4"]
[White "Yanayt, Eugene"]
[Black "Ankit Raparthi"]
[Result "1-0"]
[WhiteElo "2268"]
[BlackElo "1880"]
[PlyCount "43"]
[EventDate "2019.04.??"]
[EventType "swiss"]
[EventRounds "9"]
[EventCountry "USA"]

1. d4 d5 2. c4 c6 3. Nf3 Nf6 4. Nc3 e6 5. g3 Be7 6. Bg2 O-O 7. O-O Nbd7 8. Qd3
b6 9. e4 dxe4 10. Nxe4 Bb7 11. Nc3 Qc7 12. Rd1 Rfd8 13. Qe2 Nf8 14. Rb1 c5 15.
Bf4 Qc8 16. d5 Ne8 17. Bh3 Nd6 18. Rd2 Kh8 19. Rbd1 Ng6 20. Bg5 Bxg5 21. Nxg5
h6 22. dxe6 1-0

[Event "13th Foxwoods Open"]
[Site "Mashantucket, CT"]
[Date "2019.04.19"]
[Round "4"]
[White "Ardito, Andrew"]
[Black "Weeramantry, Sunil"]
[Result "1-0"]
[WhiteElo "2206"]
[BlackElo "2047"]
[PlyCount "65"]
[EventDate "2019.04.??"]
[EventType "swiss"]
[EventRounds "9"]
[EventCountry "USA"]

1. e4 d6 2. d4 g6 3. Nc3 Bg7 4. Be3 c6 5. Qd2 Nd7 6. O-O-O b5 7. Nf3 Qa5 8. Kb1
Nb6 9. Ne2 Qa6 10. Nf4 Nc4 11. Bxc4 bxc4 12. e5 d5 13. e6 f5 14. h4 Rb8 15. h5
Nf6 16. c3 Ne4 17. Qc2 g5 18. h6 Bf6 19. Nh5 Bxe6 20. Ng7+ Kf7 21. Ne5+ Bxe5
22. dxe5 Rb5 23. f3 Ng3 24. Rh3 f4 25. Rxg3 fxg3 26. f4 Rhb8 27. Bc1 Qb6 28.
Rf1 c5 29. f5 Bc8 30. f6 Be6 31. fxe7+ Kxe7 32. Rf6 Bf5 33. Nxf5+ 1-0

[Event "13th Foxwoods Open"]
[Site "Mashantucket, CT"]
[Date "2019.04.19"]
[Round "4"]
[White "Yakubov, Mardon"]
[Black "Wofford, Matthew"]
[Result "1-0"]
[WhiteElo "2128"]
[BlackElo "1996"]
[PlyCount "78"]
[EventDate "2019.04.??"]
[EventType "swiss"]
[EventRounds "9"]
[EventCountry "USA"]

1. Nf3 Nf6 2. c4 g6 3. Nc3 Bg7 4. e4 d6 5. d4 O-O 6. h3 e5 7. d5 a5 8. Be3 Na6
9. g4 Nc5 10. Nd2 Bd7 11. Rg1 Kh8 12. Qf3 Ng8 13. Qg3 Qe7 14. O-O-O f5 15. gxf5
gxf5 16. Bg5 Qf7 17. f3 Nf6 18. Qh4 Rg8 19. Be3 f4 20. Bxc5 dxc5 21. Qf2 b6 22.
h4 Nh5 23. Qh2 Qe7 24. Rg5 Ng3 25. Bh3 Bf6 26. Rxg8+ Rxg8 27. Bxd7 Qxd7 28. Nb5
Rg6 29. Nf1 Nxf1 30. Rxf1 Rg3 31. h5 Bd8 32. Rf2 Rh3 33. Qg1 Rxh5 34. Rg2 Qf7
35. Rg4 Bh4 36. Nxc7 Bg3 37. Ne6 Rh2 38. Rg5 h6 39. Rf5 Qe7 1-0

[Event "13th Foxwoods Open"]
[Site "Mashantucket, CT"]
[Date "2019.04.19"]
[Round "4"]
[White "Murthy, Pappu"]
[Black "Harriott, Tyrell"]
[Result "0-1"]
[WhiteElo "2025"]
[BlackElo "2033"]
[PlyCount "68"]
[EventDate "2019.04.??"]
[EventType "swiss"]
[EventRounds "9"]
[EventCountry "USA"]

1. d4 d5 2. c4 e6 3. Nc3 f5 4. Bf4 Bd6 5. e3 c6 6. Nf3 Ne7 7. Qc2 Ng6 8. g3
Nxf4 9. gxf4 O-O 10. Bd3 Na6 11. a3 dxc4 12. Bxc4 b5 13. Be2 Bb7 14. b4 Nc7 15.
Rg1 a5 16. Rb1 Qe7 17. Qb3 Ra7 18. Rg5 Rfa8 19. d5 axb4 20. dxc6 Rxa3 21. cxb7
Rb8 22. Qd1 bxc3 23. Nd4 Rxb7 24. Nc6 Qf8 25. Bf3 Rb6 26. Kf1 b4 27. Qd4 Rba6
28. Nxb4 Ra1 29. Nxa6 Rxb1+ 30. Kg2 c2 31. Nxc7 Bxc7 32. Qd7 c1=Q 33. Qxe6+ Kh8
34. Rxf5 Qh1+ 0-1

[Event "13th Foxwoods Open"]
[Site "Mashantucket, CT"]
[Date "2019.04.19"]
[Round "5.1"]
[White "Durarbayli, Vasif"]
[Black "Vazquez, Guillermo"]
[Result "1-0"]
[WhiteElo "2628"]
[BlackElo "2489"]
[PlyCount "59"]
[EventDate "2019.04.??"]
[EventType "swiss"]
[EventRounds "9"]
[EventCountry "USA"]

1. e4 c6 2. d4 d5 3. e5 Bf5 4. Nf3 e6 5. Be2 Ne7 6. O-O c5 7. c4 Nbc6 8. dxc5
d4 9. Qb3 Ng6 10. Qxb7 Qc8 11. Qxc8+ Rxc8 12. a3 a5 13. b4 axb4 14. axb4 Nxb4
15. Nxd4 Bxc5 16. Nxf5 exf5 17. Nd2 O-O 18. Nb3 Be7 19. f4 Rfd8 20. g3 Nf8 21.
Ra7 Nc6 22. Rb7 Rb8 23. Rb5 Ne6 24. Be3 Nb4 25. Rc1 Rbc8 26. Rb7 Bf8 27. Kf1
Nd3 28. Bxd3 Rxd3 29. Ke2 Nd8 30. Kxd3 1-0

[Event "13th Foxwoods Open"]
[Site "Mashantucket, CT"]
[Date "2019.04.19"]
[Round "5.2"]
[White "Shimanov, Aleksandr"]
[Black "Vigorito, David"]
[Result "1-0"]
[WhiteElo "2610"]
[BlackElo "2330"]
[PlyCount "49"]
[EventDate "2019.04.??"]
[EventType "swiss"]
[EventRounds "9"]
[EventCountry "USA"]

1. d4 d6 2. Nf3 Nf6 3. g3 g6 4. Bg2 Bg7 5. O-O O-O 6. b3 c6 7. Bb2 Bf5 8. Nbd2
Qc8 9. Re1 Bh3 10. e4 Bxg2 11. Kxg2 Na6 12. Qe2 Nc7 13. e5 dxe5 14. dxe5 Nh5
15. Qe4 Qf5 16. Qxf5 gxf5 17. Nc4 c5 18. Rad1 Rfc8 19. Nh4 b5 20. Na5 e6 21. c4
a6 22. Rd7 Bf8 23. Nf3 h6 24. Bc1 Ne8 25. h3 1-0

[Event "13th Foxwoods Open"]
[Site "Mashantucket, CT"]
[Date "2019.04.19"]
[Round "5.3"]
[White "Wang, Kevin"]
[Black "Burke, John M"]
[Result "1/2-1/2"]
[WhiteElo "2416"]
[BlackElo "2550"]
[PlyCount "58"]
[EventDate "2019.04.??"]
[EventType "swiss"]
[EventRounds "9"]
[EventCountry "USA"]

1. e4 e5 2. Nf3 Nc6 3. Bc4 Nf6 4. d3 h6 5. O-O d6 6. c3 g5 7. Re1 Bg7 8. a4 O-O
9. Nfd2 Ne7 10. Nf1 Ng6 11. Ng3 c6 12. Bb3 Bg4 13. f3 Be6 14. d4 d5 15. Be3 Qc7
16. Nd2 Rad8 17. Qc2 Rfe8 18. dxe5 Nxe5 19. Bd4 dxe4 20. Bxe6 Rxe6 21. Ndxe4
Nxe4 22. Rxe4 c5 23. Bxe5 Bxe5 24. Rae1 Bxg3 25. Rxe6 Bxe1 26. Rxe1 Qf4 27. Qe4
Qd2 28. Re2 Qd1+ 29. Kf2 Rd2 1/2-1/2

[Event "13th Foxwoods Open"]
[Site "Mashantucket, CT"]
[Date "2019.04.19"]
[Round "5.4"]
[White "Ruiz Castillo, Joshua Daniel"]
[Black "Gabuzyan, Hovhannes"]
[Result "0-1"]
[WhiteElo "2460"]
[BlackElo "2620"]
[PlyCount "62"]
[EventDate "2019.04.??"]
[EventType "swiss"]
[EventRounds "9"]
[EventCountry "USA"]

1. e4 c5 2. Nf3 d6 3. d4 cxd4 4. Qxd4 Bd7 5. c4 Nc6 6. Qe3 g6 7. h3 Rc8 8. Be2
Qa5+ 9. Bd2 Qc5 10. Qxc5 dxc5 11. Bc3 f6 12. e5 Bg7 13. O-O fxe5 14. Re1 Nh6
15. Bd3 Nf7 16. Be4 b6 17. Bxc6 Rxc6 18. Nbd2 Re6 19. Re2 Bh6 20. Rae1 Rf8 21.
Nxe5 Nxe5 22. Bxe5 Bc6 23. Bb8 Rxe2 24. Rxe2 Kd7 25. Bxa7 Bxd2 26. Rxd2+ Kc7
27. Re2 Re8 28. b4 Kb7 29. Re6 Bd7 30. Rxb6+ Kxa7 31. bxc5 Rb8 0-1

[Event "13th Foxwoods Open"]
[Site "Mashantucket, CT"]
[Date "2019.04.19"]
[Round "5"]
[White "Mulyar, Michael"]
[Black "Dragun, Kamil"]
[Result "0-1"]
[WhiteElo "2385"]
[BlackElo "2585"]
[PlyCount "152"]
[EventDate "2019.04.??"]
[EventType "swiss"]
[EventRounds "9"]
[EventCountry "USA"]

1. d4 Nf6 2. Nf3 e6 3. c4 c5 4. Nc3 cxd4 5. Nxd4 d5 6. Bf4 Nc6 7. Ndb5 e5 8.
cxd5 exf4 9. dxc6 bxc6 10. Qxd8+ Kxd8 11. O-O-O+ Bd7 12. Nd6 Bxd6 13. Rxd6 Ke7
14. Rd4 Nd5 15. Nxd5+ cxd5 16. e3 fxe3 17. fxe3 Rhc8+ 18. Kd2 Rab8 19. b3 Rc5
20. Bd3 Ra5 21. Bb1 h5 22. Rc1 Kd6 23. Rc3 g5 24. e4 Be6 25. exd5 Rxd5 26. Rcd3
Rbb5 27. Ke3 Rbc5 28. Rd1 Ke5 29. Rxd5+ Bxd5 30. Rf1 Be6 31. Bd3 f5 32. g3 h4
33. gxh4 f4+ 34. Kf2 g4 35. Re1+ Kd4 36. Bg6 Bd5 37. h5 Rc3 38. Rg1 Rf3+ 39.
Ke1 Be6 40. Rg2 Rh3 41. Rd2+ Ke5 42. Re2+ Kf6 43. Rf2 Kg5 44. Re2 Bc8 45. Re5+
Kf6 46. Re8 Bd7 47. Rf8+ Ke5 48. Rd8 Bc6 49. Rc8 Bd5 50. Re8+ Kd4 51. Rd8 Ke5
52. Re8+ Kd6 53. Rd8+ Ke6 54. Bf7+ Kxf7 55. Rxd5 Kf6 56. Rd2 Rxh5 57. Kf1 Rc5
58. Kg2 Rc3 59. Rd6+ Kf5 60. Ra6 Rc2+ 61. Kg1 Ke4 62. b4 Kf3 63. Ra3+ Ke2 64.
Rxa7 Rc1+ 65. Kg2 f3+ 66. Kg3 Rg1+ 67. Kh4 f2 68. Re7+ Kd3 69. Rf7 f1=Q 70.
Rxf1 Rxf1 71. Kxg4 Ke4 72. b5 Rg1+ 73. Kh5 Kf5 74. h4 Rg8 75. Kh6 Rh8+ 76. Kg7
Rxh4 0-1

[Event "13th Foxwoods Open"]
[Site "Mashantucket, CT"]
[Date "2019.04.19"]
[Round "5"]
[White "Brodsky, David"]
[Black "Belous, Vladimir"]
[Result "1-0"]
[WhiteElo "2417"]
[BlackElo "2520"]
[PlyCount "81"]
[EventDate "2019.04.??"]
[EventType "swiss"]
[EventRounds "9"]
[EventCountry "USA"]

1. e4 c5 2. Nf3 Nc6 3. d4 cxd4 4. Nxd4 e6 5. Nc3 Qc7 6. Be3 a6 7. a3 Nf6 8. f4
d6 9. Qf3 Bd7 10. O-O-O Rc8 11. g4 Nxd4 12. Rxd4 d5 13. exd5 b5 14. Bd3 Bxa3
15. Ne4 Nxe4 16. Rxe4 Qc3 17. Bd4 Qb3 18. Qd1 Be7 19. Kb1 Qxd5 20. Bxg7 Rg8 21.
Be5 Rc4 22. Bxc4 Qxe4 23. Bd3 Qd5 24. g5 Rxg5 25. fxg5 Qxe5 26. h4 Bf8 27. Re1
Qg3 28. Bxh7 Qxh4 29. Bg8 Qxg5 30. Bxf7+ Ke7 31. Qd3 Qf4 32. Rd1 Bc6 33. Bxe6
Kxe6 34. Re1+ Kf7 35. Rf1 Qxf1+ 36. Qxf1+ Ke8 37. Qf6 Bb7 38. Qb6 Bc8 39. Qc7
Bd7 40. Qb7 Bc5 41. Qb8+ 1-0

[Event "13th Foxwoods Open"]
[Site "Mashantucket, CT"]
[Date "2019.04.19"]
[Round "5"]
[White "Sarkar, Justin"]
[Black "Finegold, Benjamin"]
[Result "1-0"]
[WhiteElo "2337"]
[BlackElo "2487"]
[PlyCount "83"]
[EventDate "2019.04.??"]
[EventType "swiss"]
[EventRounds "9"]
[EventCountry "USA"]

1. d4 Nf6 2. c4 c5 3. d5 e5 4. Nc3 d6 5. e4 Be7 6. Bd3 Nbd7 7. Nge2 h5 8. h4
Nf8 9. f3 Ng6 10. g3 Bd7 11. a3 O-O 12. b4 b6 13. Be3 Ne8 14. Qb1 Bf6 15. Bc2
Ne7 16. a4 a5 17. bxa5 bxa5 18. Nb5 g6 19. Bd2 Bg7 20. O-O f5 21. Qe1 Kh7 22.
Nc1 f4 23. Kg2 g5 24. hxg5 Ng6 25. Rh1 Qxg5 26. g4 Nf6 27. Kf1 Bh6 28. gxh5
Nxh5 29. Ne2 Rf6 30. Qf2 Rg8 31. Qh2 Bg4 32. Ra3 Nh8 33. Ke1 Rfg6 34. fxg4 Nf6
35. Qh4 Qxh4+ 36. Rxh4 Nxg4 37. Nxf4 exf4 38. e5 Nxe5 39. Bxf4 Kg7 40. Bxe5+
dxe5 41. Bxg6 Nxg6 42. Rg3 1-0